Bailliere;s Dictionary for Nurses and health care workers (Record no. 2806)

MARC details
000 -LEADER
fixed length control field 00406nam a22001457a 4500
008 - FIXED-LENGTH DATA ELEMENTS--GENERAL INFORMATION
fixed length control field 250403b |||||||| |||| 00| 0 eng d
020 ## - INTERNATIONAL STANDARD BOOK NUMBER
ISBN 978072072072796
245 ## - TITLE STATEMENT
Title Bailliere;s Dictionary for Nurses and health care workers
250 ## - EDITION STATEMENT
Edition statement 27th
260 ## - PUBLICATION, DISTRIBUTION, ETC. (IMPRINT)
Place of publication U.S
Name of publisher Elsevier
Date of publication 2019
300 ## - COLLATION
Pagination 556p
650 ## - TRACINGS
Main Subject Medicine Dictionary English
Subdivision (1st) Nurses Dictionary English
942 ## - ADDED ENTRY ELEMENTS (KOHA)
Item type Books
050 ## - LIBRARY OF CONGRESS CALL NUMBER
Classification number RT21
Item number B35
Holdings
Source of classification or shelving scheme Not for loan Permanent location Current location Date acquired Accession No. Full call number Barcode. Koha item type
Library of Congress Classification   Medical Library Medical Library 04/03/2025 2024/63599 RT21.B35 2025-1114 Books